Psychohygiena a autoregulácia človeka
Príspevok sa zaoberá problematikou sebaregulácie človeka a následne jeho duševným zdravím, čo predstavuje konfiguráciu vzájomnej interakcie systémov. Poskytuje vysoko integrovanú sebareprezentáciu, ktorá odráža určitú „architektúru“ osobnosti, ktorá determinuje celý náš životný štýl. Je preto nevyhn...
Salvato in:
| Autore principale: | |
|---|---|
| Natura: | Capitolo di libro |
| Lingua: | slovacco |
| Soggetti: | |
| Tags: |
Nessun Tag, puoi essere il primo ad aggiungerne!!
|
MARC
| LEADER | 00000nla$a2200000$$$4500 | ||
|---|---|---|---|
| 001 | 0123143 | ||
| 005 | 20221207081643.9 | ||
| 041 | 0 | |a slo | |
| 044 | |a SK | ||
| 245 | 1 | 0 | |a Psychohygiena a autoregulácia človeka |c Ľubomíra Dzivý Baluchová |
| 520 | |a Príspevok sa zaoberá problematikou sebaregulácie človeka a následne jeho duševným zdravím, čo predstavuje konfiguráciu vzájomnej interakcie systémov. Poskytuje vysoko integrovanú sebareprezentáciu, ktorá odráža určitú „architektúru“ osobnosti, ktorá determinuje celý náš životný štýl. Je preto nevyhnutné zamerať sa profylaxiou na boj voči rizikovým a stresovým faktorom, a to adekvátnym a efektívnym usporiadaním času a najmä hodnôt. | ||
| 610 | 2 | 0 | |a zdravie |
| 610 | 2 | 0 | |a starostlivosť o zdravie |
| 610 | 2 | 0 | |a sebariadenie |
| 610 | 2 | 0 | |a sebapoznanie |
| 610 | 2 | 0 | |a sebakontrola |
| 610 | 2 | 0 | |a sebavýchova |
| 610 | 2 | 0 | |a stresy |
| 100 | 1 | |a Dzivý Baluchová, Ľubomíra | |